| 000 | 01176cam a22003495a 4500 | ||
|---|---|---|---|
| 001 | 015638390 | ||
| 003 | OSt | ||
| 005 | 20201128024241.0 | ||
| 008 | 100819s2011 si a frb 001 0 eng d | ||
| 015 |
_aGBB0A3732 _2bnb |
||
| 016 | 7 |
_a015638390 _2Uk |
|
| 020 | _a9780071289221 (pbk.) | ||
| 020 | _a0071289224 (pbk.) | ||
| 040 |
_aStDuBDS _beng _cStDuBDS _dUk _dEG-ScBUE |
||
| 082 | 0 | 4 |
_a658.0072 _bCOO _222 |
| 100 | 1 | 0 | _aCooper, Donald R. |
| 245 | 1 | 0 |
_aBusiness research methods / _cDonald R. Cooper, Pamela S. Schindler. |
| 250 | _a11th ed., International ed. | ||
| 260 |
_aSingapore : _bMcGraw-Hill Education (Asia), _c2011. |
||
| 300 |
_axxii, 761 p. : _bill. ; _c28 cm. |
||
| 490 | 0 |
_aMcGraw-Hill/Irwin series operations and decision sciences. _aBusiness statistics |
|
| 500 | _aPrevious ed. : 2008. | ||
| 504 | _aIncludes bibliographical references and index. | ||
| 650 | 7 |
_aIndustrial management _xResearch. _2BUEsh |
|
| 650 | 7 |
_aEconomics _xResearch. _2BUEsh |
|
| 650 | 7 |
_aBusiness _xResearch _xMethodology. _2BUEsh _91465 |
|
| 651 | _2BUEsh | ||
| 653 |
_bBUSECO _cFebruary2018 |
||
| 655 |
_vText book _933728 |
||
| 700 | 1 | _aSchindler, Pamela S. | |
| 942 | _2ddc | ||
| 999 |
_c26145 _d26117 |
||